Presidents of Iran Quiz - Statistics

General Stats
  • This quiz has been taken 101 times
    62 since last reset
  • The average score is 7 of 9
Answer Stats
Years Political Party President % Correct
2005-2013 Alliance of Builders of Islamic Iran Mahmoud Ahmadinejad
94%
2024- Independent Masoud Pezeshkian
88%
2022-2024 Combatant Clergy Association Ebrahim Raisi
85%
1981-1989 Islamic Republican Party,Combatant Clergy Association Ali Khamenei
81%
2013-2022 Moderation and Development Party Hassan Rouhani
79%
1997-2005 Association of Combatant Clerics Mohammad Khatami
73%
1989-1997 Combatant Clergy Association Akbar Hashemi Rafsanjani
71%
1980-1981 Independent Abolhassan Banisadr
60%
1981 Islamic Republican Party Mohammad-Ali Rajai
54%
No matching quizzes found
Score Distribution
Percent of People with Each Score
Percentile by Number Answered
Your Score History
You have not taken this quiz since the last reset